| 000 | 00664nam a22002057a 4500 | ||
|---|---|---|---|
| 999 |
_c61653 _d61653 |
||
| 005 | 20240410162149.0 | ||
| 008 | 240410s2004 enk||||| |||| 00| 0 eng d | ||
| 020 | _a9780198529545x | ||
| 041 | _aeng | ||
| 080 | _a616.6 L-62 | ||
| 100 |
_aLevy, Jeremy _921754 |
||
| 245 |
_aOxford Handbook of Dialysis / _c Jeremy Levy, Julie Morgan, Edwina Brown. |
||
| 264 |
_aOxford: _b Oxford University Press, _c 2004. |
||
| 300 |
_a904 p.; _b19 cm. |
||
| 653 | _aმედიცინა | ||
| 653 | _aდიალიზი | ||
| 700 |
_aMorgan, Julie _eავტორი _921757 |
||
| 700 |
_aBrown, Edwina _eავტორი _921758 |
||
| 942 |
_2udc _cᲬᲘᲒᲜᲘ |
||